000 00394nam a22001577a 4500
999 _c10434
_d10434
003 OSt
008 210209b ||||| |||| 00| 0 eng d
020 _a9788123903392
100 _aGupta, AK and Bajaj SS
245 _aIndroduction to Pharmaceutics-II
250 _a4th
260 _aNew Delhi
_bCBS Pub
_c2019
300 _a295
650 _aPharmaceutical Dosage forms
942 _2ddc
_cBK
_08